| 000 | 01269cam a22003497a 4500 | ||
|---|---|---|---|
| 003 | CHAP | ||
| 005 | 20220329142441.0 | ||
| 008 | 010301d2000 mx r 00110 spa d | ||
| 010 | _a83685 | ||
| 011 | _a84657 | ||
| 035 | _a95182 | ||
| 040 | _cCHAP | ||
| 090 | _aTesis | ||
| 100 | 0 | 0 |
_aCano Ascencio, Héctor. _918382 |
| 245 | 1 | 0 |
_aEvaluación agronómica de dos variedades de anturios (Anthurium andreanum Lind) en diferentes sustratos regionales de Tabasco _c/por Héctor Cano Ascencio |
| 260 |
_aSan José Puyacatengo, Tab. : _bEl autor, _c2000. |
||
| 300 |
_a73 h. : _bgráfs. |
||
| 502 | _aTesis (Ing. Agr. Esp. en Zonas Aridas) -- UACH. Dirección de Centros Regionales Universitarios | ||
| 590 |
_aALEPH _b10 _c20130110 _lUCH01 _h1441 |
||
| 590 |
_aBATCH-UPD _b10 _c20130110 _lUCH01 _h0445 |
||
| 590 |
_aBATCH-UPD _b10 _c20130410 _lUCH01 _h0122 |
||
| 590 |
_aBATCH-UPD _b10 _c20130914 _lUCH01 _h0833 |
||
| 590 |
_aCONVERSION _b10 _c20130109 _lUCH01 _h1347 |
||
| 650 | 1 | 4 |
_aAnturio _xRendimiento. _96156 |
| 650 | 1 | 4 |
_aAnturio _xVariedades. _96157 |
| 650 | 1 | 4 |
_aSustratos. _9110789 |
| 901 | _aBK | ||
| 905 | _aLilia Sánchez G. | ||
| 942 | _cFOLL | ||
| 949 |
_bBC _cTES _d33724000817730 _eTS2 _fc.2 _h37943 _i95182 _si |
||
| 949 |
_bBC _cTES _d951821 _eTS1 _h37942 _i95182 _sb |
||
| 999 |
_c83685 _d83685 |
||